عدلیہ کا سیاسی کردار / (Record no. 170244)

MARC details
000 -LEADER
fixed length control field 00570nam a22001937a 4500
005 - DATE AND TIME OF LATEST TRANSACTION
control field 20191212142320.0
010 ## - LCCN (DPL NO)
LC control number A-644963
020 ## - INTERNATIONAL STANDARD BOOK NUMBER
Terms of availability 250.00
035 ## - SYSTEM CONTROL NUMBER
System control number A-644963
037 ## - SOURCE OF ACQUISITION
Source of stock number/acquisition BPPD/Pub.
082 ## - DEWEY DECIMAL CLASSIFICATION NUMBER
Classification number 320.95491
100 ## - MAIN ENTRY--PERSONAL NAME
Personal name احمد سلیم
245 ## - TITLE STATEMENT
Title عدلیہ کا سیاسی کردار /
Statement of responsibility, etc احمد سلیم
246 ## - VARYING FORM OF TITLE
Title proper/short title Adliyah ka Syasi Kirdaar (Urdu) /
Remainder of title by Ahmed Saleem
260 ## - PUBLICATION, DISTRIBUTION, ETC. (IMPRINT)
Place of publication, distribution, etc Lucknow
Name of publisher, distributor, etc Frontier Post Publications
Date of publication, distribution, etc 1993 ء
270 ## - ADDRESS
Address -
City -
Postal code -
300 ## - PHYSICAL DESCRIPTION
Extent 432p.
Dimensions 20cm(Hb)
942 ## - ADDED ENTRY ELEMENTS (KOHA)
Source of classification or shelving scheme Dewey Decimal Classification
Item type Urdu Bks
Classification part 320.95491
Call number suffix ا ح م
Holdings
Withdrawn status Lost status Not for loan Collection code Home library Current library Date acquired Source of acquisition Cost, normal purchase price Full call number Barcode Copy number Cost, replacement price Koha item type
      Non-fiction Central Library Central Library 12/12/2019 BPPD/Ven. 250.00 320.95491 ا ح م A-644963 1 250.00 Urdu Bks

© Delhi Public Library
Hit Counter
free hit counter